[Event "Skovlunde Pinse EMT Basis 4 2000"]
[Site "Skovlunde"]
[Date "2000.06.10"]
[Round "1"]
[White "Ghani, Ali"]
[Black "Porsgaard, Per Lykke"]
[Result "1-0"]
[WhiteElo "1000"]
[BlackElo "1290"]
[PlyCount "87"]
[EventDate "2000.??.??"]

1. d4 Nf6 2. Nf3 e6 3. e3 c5 4. dxc5 Bxc5 5. Bd3 Nc6 6. O-O O-O 7. Nc3 d5 8. b3
e5 9. Be2 e4 10. Nd4 Nxd4 11. exd4 Bb6 12. a4 a6 13. Bg5 Be6 14. Bxf6 Qxf6 15.
a5 Bxd4 16. Nxd5 Bxd5 17. Ra4 Bxf2+ 18. Rxf2 Qe5 19. Qd4 Qxd4 20. Rxd4 Bc6 21.
Rf4 Rfe8 22. Bc4 Re7 23. Rd6 Rae8 24. g3 e3 25. Kf1 e2+ 26. Ke1 Be4 27. c3 Bc2
28. Rf3 Bg6 29. b4 h6 30. Rxg6 Kf8 31. Rb6 Rc8 32. Bxe2 Rce8 33. Rf2 Rc8 34.
Rd6 Rxc3 35. Rd8+ Re8 36. Rxe8+ Kxe8 37. Rf4 Re3 38. Kf2 Re5 39. Bf3 Re7 40.
Rc4 Kd8 41. Bg4 f5 42. Bxf5 Rf7 43. Rc8+ Ke7 44. Rc7+ 1-0

[Event "Skovlunde Pinse EMT Basis 4 2000"]
[Site "Skovlunde"]
[Date "2000.06.10"]
[Round "1"]
[White "Mikkelsen, Nikolaj"]
[Black "Jensen, Alexander Lindberg"]
[Result "1-0"]
[WhiteElo "1314"]
[BlackElo "1276"]
[PlyCount "79"]
[EventDate "2000.??.??"]

1. e4 e5 2. Nf3 Nc6 3. Nc3 Nf6 4. d4 exd4 5. Nxd4 Bb4 6. Nxc6 bxc6 7. Bd3 O-O
8. Bg5 Re8 9. Qe2 d6 10. O-O Bxc3 11. bxc3 Bf5 12. Qf3 Bg6 13. Rfe1 Re6 14. Re3
Qe8 15. Rae1 Rb8 16. Bxf6 Rxf6 17. Qg4 Qe6 18. Qxe6 Rxe6 19. f4 Rbe8 20. g4 f5
21. gxf5 Bxf5 22. e5 Bxd3 23. cxd3 Kf7 24. d4 g6 25. Rb1 Ra8 26. Rb7 Re7 27.
Re2 Ke8 28. Kg2 Kd7 29. Reb2 Ree8 30. Kg3 h6 31. Re2 Reb8 32. Reb2 Re8 33. Re2
Reb8 34. Rb3 Rb6 35. Rxb6 cxb6 36. Kg4 dxe5 37. fxe5 Ke6 38. Rf2 Rg8 39. Rf6+
Kd7 40. c4 1-0

[Event "Skovlunde Pinse EMT Basis 4 2000"]
[Site "Skovlunde"]
[Date "2000.06.10"]
[Round "1"]
[White "Skovgaard, Peter Nicolai"]
[Black "Rasmussen, Dennis"]
[Result "1-0"]
[WhiteElo "1181"]
[BlackElo "1000"]
[PlyCount "93"]
[EventDate "2000.??.??"]

1. d4 d5 2. c4 c6 3. Nc3 Nf6 4. Nf3 Ne4 5. Nxe4 dxe4 6. Ng5 Bf5 7. f3 exf3 8.
Nxf3 e6 9. e3 Bg4 10. Be2 Qa5+ 11. Nd2 f5 12. Bxg4 fxg4 13. Qxg4 Qf5 14. Qxf5
exf5 15. O-O g6 16. b3 Bg7 17. Re1 O-O 18. Nf3 Re8 19. Ba3 b6 20. Rad1 Nd7 21.
d5 Bc3 22. Re2 c5 23. Ng5 Bd4 24. Ne6 Be5 25. Bb2 Rac8 26. Bxe5 Nxe5 27. e4 f4
28. Nxf4 Rcd8 29. Nd3 Nxd3 30. Rxd3 Re5 31. Kf2 Rf8+ 32. Rf3 Rh5 33. Rxf8+ Kxf8
34. h3 g5 35. Kg3 Rh4 36. e5 Rd4 37. Rf2+ Kg7 38. e6 h5 39. e7 Re4 40. d6 Re3+
41. Rf3 h4+ 42. Kf2 Rxf3+ 43. Kxf3 Kf7 44. Kg4 Ke8 45. Kxg5 Kd7 46. Kxh4 a5 47.
g4 1-0

[Event "Skovlunde Pinse EMT Basis 4 2000"]
[Site "Skovlunde"]
[Date "2000.06.11"]
[Round "2"]
[White "Ghani, Ali"]
[Black "Skovgaard, Peter Nicolai"]
[Result "0-1"]
[WhiteElo "1000"]
[BlackElo "1181"]
[PlyCount "52"]
[EventDate "2000.??.??"]

1. d4 d5 2. Nf3 c5 3. dxc5 e6 4. e3 Bxc5 5. c3 Nc6 6. Bb5 Nge7 7. c4 a6 8. cxd5
axb5 9. dxc6 Qxd1+ 10. Kxd1 bxc6 11. Ne5 Bb7 12. Nd2 Bd6 13. Ndf3 Rd8 14. Ke2
O-O 15. Bd2 c5 16. Ng4 Bxf3+ 17. Kxf3 h5 18. h3 hxg4+ 19. hxg4 Be5 20. Rh3 Rxd2
21. Rah1 g6 22. g5 Bxb2 23. Ke4 c4 24. a3 Rxf2 25. g3 f5+ 26. gxf6 R2xf6 0-1

[Event "Skovlunde Pinse EMT Basis 4 2000"]
[Site "Skovlunde"]
[Date "2000.06.11"]
[Round "2"]
[White "Rasmussen, Dennis"]
[Black "Jensen, Alexander Lindberg"]
[Result "0-1"]
[WhiteElo "1000"]
[BlackElo "1276"]
[PlyCount "56"]
[EventDate "2000.??.??"]

1. e4 e5 2. Nf3 Nc6 3. d4 exd4 4. Nxd4 Bc5 5. Be3 Nf6 6. Nc3 Bxd4 7. Bxd4 O-O
8. e5 Re8 9. Qe2 Nxd4 10. Qd2 Nc6 11. O-O-O Nxe5 12. f4 Nc6 13. h4 d6 14. h5
Bg4 15. Be2 Bxe2 16. Nxe2 Qe7 17. Rde1 Qe3 18. Qxe3 Rxe3 19. h6 g6 20. Rhf1
Rae8 21. Kd1 Ng4 22. f5 R3e5 23. Ng1 Ne3+ 24. Kd2 Nxf1+ 25. Rxf1 Nd4 26. Re1
Rxe1 27. Nf3 Nxf3+ 28. gxf3 gxf5 0-1

[Event "Skovlunde Pinse EMT Basis 4 2000"]
[Site "Skovlunde"]
[Date "2000.06.11"]
[Round "2"]
[White "Thrane, Jens"]
[Black "Mikkelsen, Frederik"]
[Result "1-0"]
[WhiteElo "1329"]
[BlackElo "1000"]
[PlyCount "91"]
[EventDate "2000.??.??"]

1. d4 e6 2. e4 d5 3. e5 f6 4. f4 fxe5 5. dxe5 d4 6. Nf3 Nc6 7. a3 Bd7 8. Nxd4
Bc5 9. Nf3 Qe7 10. Nc3 O-O-O 11. Bd2 Nd4 12. Bd3 Nxf3+ 13. Qxf3 Bc6 14. Ne4
Bxe4 15. Bxe4 c6 16. O-O-O Bd4 17. Bb4 Bc5 18. Ba5 Rxd1+ 19. Rxd1 Qe8 20. Rd8+
Qxd8 21. Bxd8 Kxd8 22. Qg4 Bf8 23. Qxe6 Nh6 24. g4 Bc5 25. Bxc6 bxc6 26. g5
Be3+ 27. Kb1 Ng8 28. Qf7 h6 29. g6 Bxf4 30. Qxf4 Ne7 31. Qf7 Re8 32. Qxg7 Nxg6
33. Qxg6 Rxe5 34. Qxc6 h5 35. Qd6+ Kc8 36. Qxe5 h4 37. Qh8+ Kb7 38. Qxh4 Kc6
39. Qd4 a6 40. h4 Kb5 41. h5 Kc6 42. h6 Kb5 43. h7 Kc6 44. h8=Q Kb5 45. Qe8+
Ka5 46. Qea4# 1-0

[Event "Skovlunde Pinse EMT Basis 4 2000"]
[Site "Skovlunde"]
[Date "2000.06.11"]
[Round "2"]
[White "Nielsen, Johnny"]
[Black "Mikkelsen, Nikolaj"]
[Result "0-1"]
[WhiteElo "1261"]
[BlackElo "1314"]
[PlyCount "68"]
[EventDate "2000.??.??"]

1. e4 e5 2. Nf3 Nc6 3. Bb5 d6 4. O-O Bg4 5. c3 a6 6. Be2 Nf6 7. d3 Be7 8. Be3
O-O 9. Nbd2 Nh5 10. Nxe5 Bxe2 11. Nxc6 Bxd1 12. Nxd8 Be2 13. Nxb7 Bxf1 14. Rxf1
Rab8 15. Na5 Rxb2 16. g4 Nf6 17. Nc6 Bd8 18. Nxd8 Rxd8 19. g5 Ng4 20. Nc4 Nxe3
21. Nxb2 Nxf1 22. Kxf1 Rb8 23. Nc4 Rb1+ 24. Kg2 Rc1 25. Ne3 Rxc3 26. d4 Ra3 27.
e5 dxe5 28. dxe5 Rxa2 29. h4 Ra3 30. Kf3 Rxe3+ 31. Kxe3 Kf8 32. Kd4 Ke7 33. f4
Ke6 34. Ke4 g6 0-1

[Event "Skovlunde Pinse EMT Basis 4 2000"]
[Site "Skovlunde"]
[Date "2000.06.11"]
[Round "3"]
[White "Mikkelsen, Frederik"]
[Black "Porsgaard, Per Lykke"]
[Result "0-1"]
[WhiteElo "1000"]
[BlackElo "1290"]
[PlyCount "84"]
[EventDate "2000.??.??"]

1. e4 c5 2. Nf3 g6 3. Bc4 Nc6 4. Ng5 Ne5 5. d3 Nxc4 6. dxc4 h6 7. Nf3 Bg7 8.
Qd5 Qc7 9. O-O Nf6 10. Qe5 Qxe5 11. Nxe5 Nxe4 12. f3 Nf6 13. Nc3 d6 14. Nd3 O-O
15. f4 Bf5 16. Nd5 Nxd5 17. cxd5 Be4 18. f5 Bxd5 19. fxg6 fxg6 20. Rxf8+ Rxf8
21. Nf4 Bd4+ 22. Kh1 Bf7 23. Ne2 Bg7 24. Kg1 Bc4 25. Nf4 g5 26. Nd3 Bd4+ 27.
Nf2 Bxf2+ 28. Kh1 Be1 29. Be3 Rf1+ 30. Bg1 Bd2 31. Rxf1 Bxf1 32. c3 Bc1 33. b3
Bb2 34. c4 Bd4 35. Bxd4 cxd4 36. Kg1 Be2 37. Kf2 d3 38. b4 Kf7 39. c5 dxc5 40.
bxc5 Ke6 41. a4 Kd5 42. a5 Kxc5 0-1

[Event "Skovlunde Pinse EMT Basis 4 2000"]
[Site "Skovlunde"]
[Date "2000.06.11"]
[Round "3"]
[White "Nielsen, Johnny"]
[Black "Thrane, Jens"]
[Result "0-1"]
[WhiteElo "1261"]
[BlackElo "1329"]
[PlyCount "77"]
[EventDate "2000.??.??"]

1. e4 c5 2. Nf3 d6 3. Bb5+ Nc6 4. d4 cxd4 5. Nxd4 Bd7 6. Nc3 a6 7. Bc4 Nf6 8.
O-O g6 9. Be3 Bg7 10. Nf3 O-O 11. Qd2 b5 12. Bb3 b4 13. Nd5 Nxe4 14. Qd3 Nc5
15. Bxc5 dxc5 16. c3 Bf5 17. Qe3 e6 18. Qxc5 exd5 19. Qxc6 bxc3 20. bxc3 Rc8
21. Qxd5 Qxd5 22. Bxd5 Rxc3 23. Rac1 Rd3 24. Bc4 Rd6 25. Rfd1 Rb6 26. Nd4 Be4
27. Nb3 Bb2 28. Nc5 Bxc1 29. Nd7 Rc6 30. Nxf8 Rxc4 31. Rd8 Kg7 32. h3 Bf4 33.
f3 Bg3 34. Kf1 Bb1 35. a3 Rc3 36. Ke2 Bf4 37. a4 Rc2+ 38. Kd1 Rxg2 39. Rb8 0-1

[Event "Skovlunde Pinse EMT Basis 4 2000"]
[Site "Skovlunde"]
[Date "2000.06.11"]
[Round "3"]
[White "Skovgaard, Peter Nicolai"]
[Black "Mikkelsen, Nikolaj"]
[Result "1/2-1/2"]
[WhiteElo "1181"]
[BlackElo "1314"]
[PlyCount "87"]
[EventDate "2000.??.??"]

1. d4 b5 2. e4 a6 3. Be3 Bb7 4. Bd3 Nf6 5. Nd2 e6 6. a3 d6 7. h3 c5 8. dxc5
dxc5 9. e5 Nd5 10. Ngf3 Nxe3 11. fxe3 Nd7 12. Be4 Bxe4 13. Nxe4 Qc7 14. Nd6+
Bxd6 15. Qxd6 Qxd6 16. exd6 O-O 17. O-O Rab8 18. e4 e5 19. Rad1 Rb6 20. Rd5 f6
21. c3 Kf7 22. Nxe5+ Nxe5 23. Rxe5 Rxd6 24. Rxc5 Re8 25. e5 Rd2 26. Rc7+ Re7
27. Rxe7+ Kxe7 28. exf6+ gxf6 29. Rf2 Rd1+ 30. Kh2 Rd3 31. g3 Ke6 32. h4 h5 33.
Kg2 f5 34. Rc2 Kd5 35. b3 a5 36. a4 bxa4 37. bxa4 Kc4 38. Rf2 Rd5 39. Rf3 Kb3
40. c4+ Kxc4 41. Rf4+ Kc5 42. Kf3 Kd6 43. Ke3 Ke5 44. Rc4 1/2-1/2

[Event "Skovlunde Pinse EMT Basis 4 2000"]
[Site "Skovlunde"]
[Date "2000.06.11"]
[Round "3"]
[White "Jensen, Alexander Lindberg"]
[Black "Ghani, Ali"]
[Result "1-0"]
[WhiteElo "1276"]
[BlackElo "1000"]
[PlyCount "69"]
[EventDate "2000.??.??"]

1. d4 d5 2. c4 dxc4 3. Nc3 Nc6 4. e3 Nf6 5. Bxc4 Bf5 6. Nf3 e6 7. Bd2 Bb4 8.
O-O Bxc3 9. Bxc3 O-O 10. a3 Ne4 11. Qb3 Rb8 12. Bd3 Nxc3 13. Qxc3 Bxd3 14. Qxd3
Na5 15. Qc3 c6 16. b4 Nc4 17. Qxc4 b6 18. Qxc6 Rc8 19. Qe4 Qf6 20. Rac1 Qe7 21.
Rxc8 Rxc8 22. h3 f5 23. Qh4 Qf7 24. Ne5 Qf8 25. b5 Rc3 26. Nc6 Rxa3 27. Ne7+
Kf7 28. Nc6 Qe8 29. Qxh7 a5 30. Ne5+ Kf8 31. Qh8+ Ke7 32. Qxg7+ Kd6 33. Rc1 Kd5
34. Qb7+ Kd6 35. Nf7+ 1-0

[Event "Skovlunde Pinse EMT Basis 4 2000"]
[Site "Skovlunde"]
[Date "2000.06.12"]
[Round "4"]
[White "Jensen, Alexander Lindberg"]
[Black "Skovgaard, Peter Nicolai"]
[Result "1-0"]
[WhiteElo "1276"]
[BlackElo "1181"]
[PlyCount "65"]
[EventDate "2000.??.??"]

1. e4 e5 2. Nf3 Nc6 3. d4 exd4 4. Nxd4 Nf6 5. Bg5 h6 6. Bh4 d6 7. Nc3 Be7 8.
Nxc6 bxc6 9. Bc4 O-O 10. O-O Bb7 11. Bxf6 Bxf6 12. Qf3 Qd7 13. Rad1 Rad8 14.
Rfe1 Rfe8 15. a3 d5 16. Ba2 dxe4 17. Rxd7 exf3 18. Bxf7+ Kf8 19. Bxe8 Rxe8 20.
Rxe8+ Kxe8 21. Rxc7 Ba6 22. Rxc6 Bb7 23. Rc7 Ba8 24. Rc8+ Kd7 25. Rxa8 fxg2 26.
Rxa7+ Kc8 27. Kxg2 g5 28. Rc7+ Kd8 29. Rh7 g4 30. Rxh6 g3 31. Rxf6 gxh2 32.
Kxh2 Ke7 33. Rb6 1-0

[Event "Skovlunde Pinse EMT Basis 4 2000"]
[Site "Skovlunde"]
[Date "2000.06.12"]
[Round "4"]
[White "Rasmussen, Dennis"]
[Black "Ghani, Ali"]
[Result "0-1"]
[WhiteElo "1000"]
[BlackElo "1000"]
[PlyCount "94"]
[EventDate "2000.??.??"]

1. e4 e5 2. Nf3 Nc6 3. d4 exd4 4. Nxd4 Bc5 5. Be3 Nxd4 6. Bxd4 Bb4+ 7. Nc3 Nf6
8. a3 Bxc3+ 9. Bxc3 O-O 10. Qd4 d6 11. O-O-O c5 12. Qxd6 Qxd6 13. Rxd6 Nxe4 14.
Rd3 Nxf2 15. Rg3 g6 16. Rg1 Ne4 17. Re3 Nxc3 18. Rxc3 b6 19. Bc4 Re8 20. Rf1
Be6 21. Bb5 Rf8 22. Bc6 Rad8 23. h4 h5 24. Rg1 Bd5 25. Bxd5 Rxd5 26. Rh3 Re8
27. b4 c4 28. g4 b5 29. gxh5 Rxh5 30. c3 Re4 31. Rgh1 f5 32. Rg3 Kg7 33. Rhg1
Rg4 34. Rxg4 fxg4 35. Rxg4 Kh6 36. Rf4 Rf5 37. Rg4 Kh5 38. Rg3 Rf4 39. Rg5+
Kxh4 40. Rxg6 Rf2 41. Rh6+ Kg3 42. Rg6+ Kh2 43. Kd1 Rf3 44. Ke2 Rxc3 45. Kf2
Rxa3 46. Rg2+ Kh3 47. Kg1 Rg3 0-1

[Event "Skovlunde Pinse EMT Basis 4 2000"]
[Site "Skovlunde"]
[Date "2000.06.12"]
[Round "4"]
[White "Mikkelsen, Nikolaj"]
[Black "Thrane, Jens"]
[Result "1/2-1/2"]
[WhiteElo "1314"]
[BlackElo "1329"]
[PlyCount "82"]
[EventDate "2000.??.??"]

1. b4 d5 2. a3 e5 3. Bb2 Bd6 4. e3 Be6 5. Nf3 Nd7 6. d3 f6 7. c4 c6 8. Nc3 Rc8
9. cxd5 cxd5 10. Nb5 Bb8 11. Be2 a6 12. Nc3 Ne7 13. O-O O-O 14. Qd2 b5 15. Bd1
Kh8 16. Bb3 Bg8 17. Ba2 Nb6 18. Nh4 Qd7 19. Qe2 Rfd8 20. Qh5 Qd6 21. f4 exf4
22. exf4 Rf8 23. Rae1 Bf7 24. Qg4 Rfe8 25. Re3 Ng6 26. Rg3 Rg8 27. Nxg6+ Bxg6
28. Rh3 Bf7 29. Qh4 h6 30. g4 Bg6 31. g5 fxg5 32. Qxg5 Bh7 33. Qg4 Qf6 34. Nd1
d4 35. Bxg8 Bf5 36. Qg3 Bxh3 37. Qxh3 Kxg8 38. Qg4 Re8 39. f5 Be5 40. Nf2 Nd5
41. Ne4 Qf7 1/2-1/2

[Event "Skovlunde Pinse EMT Basis 4 2000"]
[Site "Skovlunde"]
[Date "2000.06.12"]
[Round "4"]
[White "Porsgaard, Per Lykke"]
[Black "Nielsen, Johnny"]
[Result "1-0"]
[WhiteElo "1290"]
[BlackElo "1261"]
[PlyCount "73"]
[EventDate "2000.??.??"]

1. d4 Nf6 2. c4 c6 3. Nc3 d5 4. Bf4 g6 5. e3 Bg7 6. Bd3 Be6 7. Qa4 O-O 8. Nf3
Nbd7 9. Qb3 dxc4 10. Bxc4 Bxc4 11. Qxc4 Nb6 12. Qb3 Nfd5 13. Bg3 Qc8 14. e4 Nf6
15. O-O Nh5 16. e5 Nxg3 17. fxg3 e6 18. Ne4 Nd5 19. Nd6 Qd7 20. Ng5 f6 21. Nf3
fxe5 22. dxe5 Bxe5 23. Nxb7 Bg7 24. Nc5 Qe7 25. Qa3 Rxf3 26. Rxf3 Bd4+ 27. Kh1
Bxc5 28. Qa6 Nb4 29. Qc4 Rd8 30. Re1 Rd4 31. Qb3 Rd6 32. Qc3 Nd5 33. Qxc5 e5
34. Ref1 Nc7 35. Rf8+ Qxf8 36. Rxf8+ Kxf8 37. Qxd6+ 1-0

[Event "Skovlunde Pinse EMT Basis 4 2000"]
[Site "Skovlunde"]
[Date "2000.06.12"]
[Round "5"]
[White "Thrane, Jens"]
[Black "Jensen, Alexander Lindberg"]
[Result "1-0"]
[WhiteElo "1329"]
[BlackElo "1276"]
[PlyCount "97"]
[EventDate "2000.??.??"]

1. d4 d5 2. c4 c6 3. Nc3 Nf6 4. f3 Bf5 5. h4 h6 6. g4 Bh7 7. Bf4 e6 8. Bg3 Bd6
9. Bf2 Qc7 10. Rh3 b6 11. e3 Nbd7 12. Qd2 c5 13. dxc5 Nxc5 14. cxd5 O-O 15.
dxe6 Nxe6 16. Bd3 Bxd3 17. Qxd3 Bb4 18. Rc1 Rfd8 19. Qb1 Qd6 20. Nge2 Rac8 21.
Kf1 Bxc3 22. Nxc3 Qc5 23. Kg2 b5 24. a3 a5 25. b4 axb4 26. axb4 Qc6 27. Ne2 Qb7
28. Rxc8 Rxc8 29. Qf5 Rc4 30. Kh2 Rxb4 31. g5 Qd5 32. e4 Qd2 33. gxf6 Qxe2 34.
Kg3 Rb2 35. Rh2 Nd4 36. Qf4 Ne6 37. Qb8+ Nf8 38. fxg7 Kxg7 39. Qe5+ Kg8 40. Qf4
Qd2 41. Qg4+ Ng6 42. h5 Qd6+ 43. Kh3 b4 44. hxg6 Qxg6 45. Rg2 Kh7 46. Qh4 Qe6+
47. Kh2 b3 48. Qg3 Qf6 49. Qg8# 1-0

[Event "Skovlunde Pinse EMT Basis 4 2000"]
[Site "Skovlunde"]
[Date "2000.06.12"]
[Round "5"]
[White "Nielsen, Johnny"]
[Black "Skovgaard, Peter Nicolai"]
[Result "1-0"]
[WhiteElo "1261"]
[BlackElo "1181"]
[PlyCount "109"]
[EventDate "2000.??.??"]

1. e4 e5 2. Nf3 Nc6 3. Bc4 Bc5 4. O-O Nf6 5. Nc3 d6 6. d3 h6 7. Re1 Bg4 8. Be3
Bd4 9. Nd5 Nxd5 10. Bxd5 Nb4 11. Bxd4 exd4 12. Bb3 O-O 13. h3 Bh5 14. g4 Bg6
15. Nxd4 Qf6 16. c3 c5 17. Nf3 Na6 18. e5 dxe5 19. Nxe5 Qd6 20. Nxg6 Qxg6 21.
Qf3 b6 22. Re7 Rad8 23. Bc4 Nb8 24. Rxa7 Nc6 25. Rxf7 Rxf7 26. Bxf7+ Qxf7 27.
Qxc6 Rxd3 28. Qa8+ Kh7 29. Qe4+ Qg6 30. Qxg6+ Kxg6 31. Kg2 Rd2 32. b4 Rc2 33.
a4 Rxc3 34. a5 cxb4 35. axb6 Rc8 36. Rb1 Rb8 37. Rxb4 Kg5 38. Kg3 g6 39. f4+
Kf6 40. b7 g5 41. Rb6+ Kg7 42. f5 Kh7 43. h4 gxh4+ 44. Kxh4 Kg7 45. Kh5 Kf7 46.
Rxh6 Kg7 47. Rb6 Rh8+ 48. Kg5 Rb8 49. f6+ Kf7 50. Kf5 Kf8 51. g5 Kf7 52. g6+
Kg8 53. f7+ Kh8 54. Kf6 Rxb7 55. f8=Q# 1-0

[Event "Skovlunde Pinse EMT Basis 4 2000"]
[Site "Skovlunde"]
[Date "2000.06.12"]
[Round "5"]
[White "Porsgaard, Per Lykke"]
[Black "Mikkelsen, Nikolaj"]
[Result "0-1"]
[WhiteElo "1290"]
[BlackElo "1314"]
[PlyCount "92"]
[EventDate "2000.??.??"]

1. d4 b5 2. e4 a6 3. a3 Bb7 4. d5 e6 5. c4 exd5 6. cxd5 Bc5 7. Nf3 Nf6 8. Nc3
Ng4 9. Nd4 Qh4 10. g3 Qf6 11. Qxg4 Bxd4 12. Qf4 Bxc3+ 13. Bd2 Bxb2 14. Qxc7 Qe7
15. Bg2 Bxd5 16. Qc8+ Qd8 17. Qxd8+ Kxd8 18. Rb1 Bxa3 19. Ba5+ Ke7 20. exd5 d6
21. O-O Re8 22. Bh3 Kf8 23. Bc3 Ra7 24. Rb3 Bc5 25. Kg2 Nd7 26. Ra1 Nb6 27. Rd1
Re2 28. Bd4 Bxd4 29. Rxd4 Re5 30. Rc3 Rxd5 31. Rxd5 Nxd5 32. Rc6 Ke7 33. Kf3
Nf6 34. Rb6 Nd7 35. Bxd7 Kxd7 36. Rb8 Kc7 37. Rf8 Kc6 38. Rc8+ Kd5 39. Ke3 b4
40. Kd3 a5 41. Rb8 Kc5 42. Rc8+ Kb5 43. Rb8+ Ka4 44. Kc2 Ka3 45. Rd8 b3+ 46.
Kb1 Re7 0-1